000 00975naa a22002657a 4500
001 BR8800718
003 BR-BrBNA
005 20240918175941.0
007 ta
008 230509b bl.||||| |||| 00| 0 por d
040 _aBR-BrBNA
_bpor
_cBiblioteca Nacional de Agricultura
041 _a(Pt)
072 _aE13
090 _aE13 BR8800718
100 1 _aRodrigues Junior, S.
111 1 _aSimposio sobre o Credito Rural e a Nova Republica
_cBrasilia, DF (Brazil)
_d19-22 Aug 1985
245 1 _aA questao da distribuicao do credito rural
260 3 _aBrasilia, DF (Brasil):
_c1986.
500 _aAnais do Simposio sobre o Credito Rural e a Nova Republica Brasilia, DF (Brasil): 1986. p. 233-282 (BR8800718-AM)E13
650 _aCREDITO RURAL
650 _aFINANCIAMENTO
773 0 _tAnais do Simposio sobre o Credito Rural e a Nova Republica
_wE13 BR8800718
_gBrasilia, DF (Brasil), 1986. p. 233-282
909 _a202404
_bLucia
_c55
_dLucia Elande
942 _cAM
_2AGRIS
999 _c318947
_d318947